The noble scholar, jurist, historian


 His Excellency Dr. Abdul Wahhab bin Ibrahim Abu Sulaiman, may Allah have mercy on him.


 He was born in Umm Al-Qura in the year 1356 AH.

كشف النقاب الحاجب من مصطلح ابن الحاجب / (Record no. 7160)

MARC details
000 -LEADER
fixed length control field 01831cam a22003611i 4500
003 - CONTROL NUMBER IDENTIFIER
control field SA-RiAUC
005 - DATE AND TIME OF LATEST TRANSACTION
control field 20250627145037.0
008 - FIXED-LENGTH DATA ELEMENTS--GENERAL INFORMATION
fixed length control field 250317s1990 le g bd 00100 ara c
040 ## - CATALOGING SOURCE
Original cataloging agency SA-RiKSU
Language of cataloging ara
Transcribing agency SA-RiAUC
Description conventions rda
050 #4 - LIBRARY OF CONGRESS CALL NUMBER
Item number A35 1990
082 04 - DEWEY DECIMAL CLASSIFICATION NUMBER
Classification number 258.2
Assigning agency SA-RiAUC
090 ## - LOCALLY ASSIGNED LC-TYPE CALL NUMBER (OCLC); LOCAL CALL NUMBER (RLIN)
Classification number (OCLC) (R) ; Classification number, CALL (RLIN) (NR) 258.2
Local cutter number (OCLC) ; Book number/undivided call number, CALL (RLIN) ا ب ن ف
100 1# - MAIN ENTRY--PERSONAL NAME
Personal name ابن فرحون، إبراهيم بن علي بن محمد،
Dates associated with a name توفي 799 هجري
Relator term مؤلف.
245 10 - TITLE STATEMENT
Title كشف النقاب الحاجب من مصطلح ابن الحاجب /
Statement of responsibility, etc. تأليف إبراهيم بن علي بن فرحون ؛ دراسة وتحقيق حمزة أبو فارس، عبد السلام الشريف.
250 ## - EDITION STATEMENT
Edition statement الطبعة الأولى.
264 #1 - PRODUCTION, PUBLICATION, DISTRIBUTION, MANUFACTURE, AND COPYRIGHT NOTICE
Place of production, publication, distribution, manufacture بيروت :
Name of producer, publisher, distributor, manufacturer دار الغرب الإسلامي،
Date of production, publication, distribution, manufacture, or copyright notice 1990
300 ## - PHYSICAL DESCRIPTION
Extent 211 صفحة ؛
Dimensions 25 سم
336 ## - CONTENT TYPE
Content type term نص
Content type code txt
Source rdacontent
Materials specified كتاب
337 ## - MEDIA TYPE
Media type term بدون وسيط
Media type code n
Source rdamedia
338 ## - CARRIER TYPE
Carrier type term مجلد
Carrier type code nc
Source rdacarrier
500 ## - GENERAL NOTE
General note الكتاب يشرح فيه المؤلف الاصطلاحات التي استخدمها ابن الحاجب في كتابه جامع الأمهات.
500 ## - GENERAL NOTE
General note ملاحظات من الشيخ الدكتور عبدالوهاب سليمان رحمه الله بداخل الكتاب
500 ## - GENERAL NOTE
General note كشاف : صفحة 183-202.
504 ## - BIBLIOGRAPHY, ETC. NOTE
Bibliography, etc. note ببليوجرافية : صفحة 203-208.
590 ## - LOCAL NOTE (RLIN)
Local note اسماء.
650 #7 - SUBJECT ADDED ENTRY--TOPICAL TERM
Topical term or geographic name entry element الفقه المالكي
Form subdivision مصطلحات
Source of heading or term aucsh
700 1# - ADDED ENTRY--PERSONAL NAME
Personal name أبو فارس، حمزة،
Dates associated with a name 1946-
Relator term محقق.
700 1# - ADDED ENTRY--PERSONAL NAME
Personal name العالم، عبد السلام محمد الشريف،
Dates associated with a name 1911-1997
Relator term محقق.
700 12 - ADDED ENTRY--PERSONAL NAME
Personal name ابن الحاجب، عثمان بن عمر بن أبي بكر،
Dates associated with a name 570-646 هجري
740 02 - ADDED ENTRY--UNCONTROLLED RELATED/ANALYTICAL TITLE
Uncontrolled related/analytical title جامع الأمهات.
942 ## - ADDED ENTRY ELEMENTS (KOHA)
Source of classification or shelving scheme Dewey Decimal Classification
Koha item type Books
Suppress in OPAC No
949 ## - LOCAL PROCESSING INFORMATION (OCLC)
a SA-JeALM
d 250317
u mohamedma123
n 1
Holdings
Withdrawn status Lost status Source of classification or shelving scheme Damaged status Not for loan Home library Current library Date acquired Total checkouts Full call number Barcode Date last seen Price effective from Koha item type Collection
    Dewey Decimal Classification     DR AbdElwahab Library DR AbdElwahab Library 04/18/2025   258.2 ا ب ن ف 000011928 04/18/2025 04/18/2025 Books  
    Dewey Decimal Classification     DR AbdElwahab Library DR AbdElwahab Library 06/27/2025   258.2 ا ب ن ف 000015393 06/27/2025 06/27/2025 Books ملاحظات